Psychology around the world (Record no. 6977)

000 -LEADER
fixed length control field 00377 a2200121 4500
090 ## - LOCALLY ASSIGNED LC-TYPE CALL NUMBER (OCLC); LOCAL CALL NUMBER (RLIN)
-- 3060
-- 3060
100 ## - MAIN ENTRY--PERSONAL NAME
Personal name Sexton, Virginia, S.
245 ## - TITLE STATEMENT
Title Psychology around the world
Statement of responsibility, etc. Virginia S. Sexton & Henryk Misiak.
260 ## - PUBLICATION, DISTRIBUTION, ETC.
Place of publication, distribution, etc. Islamabad:
Name of publisher, distributor, etc. National Book Foundation,
Date of publication, distribution, etc. 1976.
300 ## - PHYSICAL DESCRIPTION
Extent vii, 470 p. ;
Dimensions 23 cm.
650 ## - SUBJECT ADDED ENTRY--TOPICAL TERM
Topical term or geographic name entry element 1.Psychology.2.Psychology--History.
942 ## - ADDED ENTRY ELEMENTS (KOHA)
Koha item type Book
Call number prefix 150 SEX
Holdings
Withdrawn status Lost status Damaged status Not for loan Collection code Permanent Location Current Location Shelving location Date acquired Source of acquisition Cost, normal purchase price Total Checkouts Full call number Barcode Date last seen Price effective from Koha item type
          Central Library (CL) Central Library (CL) General Stacks 04/30/2008 Donation 0.00   150 SEX SEECS009055 11/14/2012 01/05/2017 Book
          Central Library (CL) Central Library (CL) General Stacks 04/30/2008 Donation 0.00   150 SEX SEECS009056 03/29/2021 01/05/2017 Book
© 2023 Central Library, National University of Sciences and Technology. All Rights Reserved.